Oh! gua

Bibliographic Details
Format: Book
Published: Selangor : Karisma Publication Sdn.Bhd , 2006
Series:Siri pengalaman ekspedisi
Subjects:

MARC

LEADER 00000cam a2200000 7i4500
001 0000059746
005 20220105105405.0
008 160213
020 |a 9831951662 
090 0 0 |a AD   |b MAL 
245 0 0 |a Oh! gua 
260 |a Selangor :   |b Karisma Publication Sdn.Bhd ,   |c 2006 
300 |a 55pg. 
490 1 |a Siri pengalaman ekspedisi 
500 |a Children ages 7-9 years old (orange) 
650 0 |a Children's stories, Malay 
999 |a 0000951809   |b Book   |c Children Collection   |e Cawangan Taman Universiti 
999 |a 0000951810   |b Book   |c Children Collection   |e Cawangan Bandar Penawar 
999 |a 0000951811   |b Book   |c Children Collection   |e Cawangan Segamat 
999 |a 0000951812   |b Book   |c Children Collection   |e Cawangan Bukit Gambir